Guess the Hamilton Song #15 - Statistics

General Stats
  • This quiz has been taken 1,353 times
  • The average score is 156 of 275
Answer Stats
Lyric % Correct
A
97%
a
97%
I
96%
the
91%
(The
91%
you
89%
You
89%
you,
89%
we
80%
We
80%
who
80%
to
79%
be
77%
No.
76%
and
73%
me.
73%
me
73%
how
72%
How
72%
your
72%
so.
69%
so
69%
are
68%
is
66%
know
64%
that
64%
That
64%
have
63%
not
62%
where
62%
Eliza,
61%
I'm
61%
in
61%
of
61%
was
59%
at
58%
would
57%
alive
56%
alive,
56%
enough
56%
enough.
56%
enough,
56%
if
56%
If
56%
you're
56%
Look
55%
look
55%
or
55%
should
52%
around,
51%
around
51%
around.
51%
right
51%
him
50%
lucky
49%
now.
49%
long
48%
month
48%
son.
48%
this
48%
told
48%
but
47%
home.
47%
home
47%
war
47%
don't
46%
for
46%
General
46%
stay
45%
stay,
45%
they
45%
wrote
45%
ago.
44%
known?
43%
sorry
42%
Will
42%
will
42%
could
41%
meet
41%
send
40%
done)
39%
mind.
39%
mind
39%
mind,
39%
wife
39%
wife.
39%
as
38%
chance
38%
begged
37%
deserve
37%
fight
36%
Just
36%
world!
36%
fact
35%
won
34%
fraction
33%
knew
33%
miracle.
33%
until
33%
started,
32%
war's
32%
you'd
32%
child
31%
let
31%
Let
31%
need
31%
being
30%
life?
30%
poor
30%
smile,
29%
man's
28%
pretend
28%
relish
28%
come
27%
married
27%
challenges
26%
legacy,
26%
money.
26%
out
26%
unable
26%
facing
25%
provide
25%
shares
25%
day.
24%
end
24%
keep
22%
fragment
21%
story
21%
write
21%
afraid
20%
erasing
20%
creating
19%
narrative
19%
Oh,
19%
part
19%
grant
17%
heart.
17%
peace
17%
worlds
17%
inside
15%
chapter
14%
first
14%
decide
13%
moment
13%
someday.
12%
No matching quizzes found
Score Distribution
Percent of People with Each Score
Percentile by Number Answered
Your Score History
You have not taken this quiz